| 000 | 00883nam0a22002651 4500 | ||
|---|---|---|---|
| 001 | rc\4596758 | ||
| 005 | 20250612130001.0 | ||
| 021 |
_aRU _b[59-61612] |
||
| 035 | _a(NLR Aleph) 008664676 | ||
| 090 |
_a9083073 _c9083073 |
||
| 100 | _a20130416d1959 |||y0rusy50 ca | ||
| 101 | 0 | _arus | |
| 102 | _aRU | ||
| 105 | _ay z ||||| | ||
| 200 | 1 |
_aТехпромфинплан предприятия промысловой кооперации _fПод общ. ред. П.В. Евсеева |
|
| 210 |
_aМосква _cКОИЗ _d1959 |
||
| 215 |
_a171 с. _d23 |
||
| 606 |
_aПромысловая кооперация _xПланирование _2psbo |
||
| 700 | 1 |
_aМилидеев _bМ.Г. _gМихаил Григорьевич |
|
| 702 | 1 |
_aЕвсеев _bП.В. _4340 |
|
| 801 | 0 |
_aRU _bNLR _gpsbo |
|
| 801 | 1 |
_aRU _bELAR _2rusmarc |
|
| 852 |
_aNLR _j59-5/4351 |
||
| 942 | _cBOOK | ||
| 980 | _aNB | ||